Sexualidad /

Obra desarrollada por dos religiosos que plantean en siete unidades temáticas una visión cristiana, psicológica y pedagógica de la sexualidad. Al final de cada unidad acompañan un repertorio de citas textuales, ejercicios de aplicación y una síntesis crítica.

Gespeichert in:
Bibliographische Detailangaben
1. Verfasser: Gastaldi, Italo F. (autor)
Weitere Verfasser: Perelló, Julio (autor) (autor)
Format: Buch
Sprache:Spanisch
Veröffentlicht: Quito, Ecuador : Pontificia Universidad Católica del Ecuador, 2004, c2004
Schlagworte:
Tags: Tag hinzufügen
Keine Tags, Fügen Sie das erste Tag hinzu!

MARC

LEADER 00000nam^a2200000^a^4500
001 000189819
005 20250521000000.0
009 20260310102425.975
020 |a 9978-77-017-8 
037 |a Acervo ITESO - Biblioteca 
041 |a ESP 
082 |a 305. 3  |b GAS 
100 |a Gastaldi, Italo F.  |e (autor) 
245 1 0 |a Sexualidad /  |c I.F. Gastaldi, J. Perelló. 
264 4 |a Quito, Ecuador :  |b Pontificia Universidad Católica del Ecuador,  |c 2004, c2004 
300 |a 279 p. 
336 |a texto  |b txt  |2 rdacontenido 
337 |a sin mediación  |b n  |2 rdamedio 
338 |a volumen  |b nc  |2 rdasoporte 
520 |a Obra desarrollada por dos religiosos que plantean en siete unidades temáticas una visión cristiana, psicológica y pedagógica de la sexualidad. Al final de cada unidad acompañan un repertorio de citas textuales, ejercicios de aplicación y una síntesis crítica. 
649 |a XX 
650 |a Sexualidad -  |x Tema Principal 
650 |a Prácticas Sexuales 
650 |a Amor 
650 |a Castidad 
650 |a Virginidad 
650 |a Diferencia y Otredad 
650 |a Personalidad 
650 |a Etica Sexual 
650 |a Etica Cristiana 
650 |a Educación Sexual 
650 |a Psicología 
700 |a Perelló, Julio  |e (autor) 
910 |a Fondo General 
920 |a Impresos - Libros 
930 |a Colección General 
905 |a 101 
901 |a 0500132921  |b IT1  |c ACC  |u 20250521 
902 |a https://opac.biblio.iteso.mx/vufind/Record/000189819